[Event "34th Chess Olympiad (men)"]
[Site "Istanbul"]
[Date "2000.11.02"]
[Round "6.61.2"]
[White "Cutter, Paul"]
[Black "Fesalbon, Rolando"]
[WhiteElo "2122"]
[BlackElo "2000"]
[WhiteCountry "GCI"]
[BlackCountry "MAC"]
[Result "1/2-1/2"]

1. e4 Nf6 2. Nc3 d6 3. d4 Nc6 4. Nf3 Bg4 5. Be2 g6 6. O-O Bg7 7. Be3 Bxf3 
8. Bxf3 O-O 9. e5 Nd7 10. Bxc6 bxc6 11. f4 e6 12. Qf3 d5 13. Ne2 Nb6 
14. Rae1 Qe7 15. g4 f6 16. Qh3 f5 17. g5 Nc4 18. Bc1 c5 19. b3 Nb6 20. Ba3 Nd7 
21. Qc3 Rfc8 22. dxc5 c6 23. b4 Bf8 24. Nd4 Rab8 25. h4 Rc7 26. Kg2 Kf7 
27. Rh1 Bg7 28. h5 Rh8 29. hxg6+ hxg6 30. Rxh8 Bxh8 31. Bc1 Bg7 32. Qd3 Nb8 
33. c4 Rd7 34. a4 a5 35. bxa5 Qxc5 36. Ba3 Qxa5 37. Rb1 Qa7 38. c5 Bf8 
39. Qb3 Bxc5 40. Bxc5 Qxc5 41. Qxb8 Qxd4 42. Rb7 Qd2+ 43. Kg3 Qe1+ 44. Kg2 Qe2+ 
45. Kg1 
1/2-1/2

[Event "34th Chess Olympiad (men)"]
[Site "Istanbul"]
[Date "2000.11.02"]
[Round "6.61.3"]
[White "Chan, Kuok"]
[Black "Manzanilla, Ernesto"]
[WhiteElo "2000"]
[BlackElo "2155"]
[WhiteCountry "MAC"]
[BlackCountry "GCI"]
[Result "1-0"]

1. d4 d5 2. c4 c6 3. Nc3 Nf6 4. Nf3 dxc4 5. a4 Nbd7 6. e4 a5 7. Bxc4 Nb6 
8. Ba2 e6 9. Bg5 Be7 10. O-O O-O 11. Qe2 Bd7 12. Rad1 Re8 13. Bb1 g6 
14. e5 Nfd5 15. Bxe7 Qxe7 16. Ne4 Nc8 17. Qd2 Kg7 18. h4 b6 19. Ba2 f5 
20. Bxd5 cxd5 21. Nf6 Bxa4 22. Nxe8+ Bxe8 23. Rc1 Na7 24. Rc3 Nb5 25. Rb3 Rc8 
26. Rc1 Rc4 27. Re3 h6 28. Rxc4 dxc4 29. d5 exd5 30. Qxd5 f4 31. Re1 c3 
32. bxc3 Nxc3 33. Qd6 Qxd6 34. exd6 Kf8 35. Ne5 b5 36. Nxg6+ Kf7 37. Re7+ Kxg6 
38. Rxe8 Kf7 
1-0

[Event "34th Chess Olympiad (men)"]
[Site "Istanbul"]
[Date "2000.11.02"]
[Round "6.62.1"]
[White "Allen, Daryl"]
[Black "Murasira, Albert"]
[WhiteElo "2000"]
[BlackElo "2000"]
[WhiteCountry "ISV"]
[BlackCountry "RWA"]
[Result "1-0"]

1. e4 c5 2. Nf3 d6 3. Bc4 e6 4. Nc3 Nf6 5. O-O Be7 6. d4 cd4 7. Nd4 e5 
8. Bb5+ Nbd7 9. Nf5 O-O 10. Nd6 Nc5 11. Nc8 Rc8 12. Qd8 Rfd8 13. Bg5 h6 
14. Bf6 Bf6 15. Rad1 Rd1 16. Rd1 Rd8 17. Nd5 Kf8 18. Bd3 Rd6 19. Nf6 gf6 
20. f3 Na4 21. b3 Nc3 22. Ra1 a6 23. a4 Kg7 24. Kf2 Kg6 25. Ke3 h5 26. Kd2 Rc6 
27. Bc4 Na4 28. Ra4 b5 29. Bd5 Rd6 30. Ra5 f5 31. c4 fe4 32. fe4 f5 33. Ke3 bc4 
34. bc4 f4+ 35. Kf3 Rb6 36. c5 Rb1 37. Ra6+ Kg5 38. Re6 Rc1 39. Re5+ Kh6 
40. c6 Rc3+ 41. Kf4 Rc2 42. Re6+ Kh7 43. e5 h4 44. Be4+ 
1-0

[Event "34th Chess Olympiad (men)"]
[Site "Istanbul"]
[Date "2000.11.02"]
[Round "6.62.2"]
[White "Minani, Froduald"]
[Black "Carty, Leo"]
[WhiteElo "2000"]
[BlackElo "2000"]
[WhiteCountry "RWA"]
[BlackCountry "ISV"]
[Result "1-0"]

1. e4 c5 2. Nf3 d6 3. Bb5+ Bd7 4. Bxd7+ Nxd7 5. d3 Ngf6 6. O-O e6 7. c4 Be7 
8. b3 O-O 9. Bb2 a6 10. Re1 Rc8 11. h3 e5 12. Bc1 h6 13. Nc3 Re8 14. Nh2 Nf8 
15. Ng4 Qd7 16. Nxf6+ Bxf6 17. Qf3 Qe6 18. Nd5 Nh7 19. Qg3 Kh8 20. Re3 Bg5 
21. Rf3 Bxc1 22. Rxc1 Qg6 23. Qxg6 fxg6 24. Rf7 b5 25. f4 Rf8 26. Rxf8+ Rxf8 
27. fxe5 dxe5 28. cxb5 axb5 29. Rxc5 Rb8 30. Nb4 Nf6 31. Rxe5 Nh5 32. Rc5 Nf4 
33. Rc2 Ne6 34. Rf2 Kh7 35. Nc2 Nc5 36. Nb4 Rd8 37. Rf3 Rd4 38. Nc2 Rxd3 
39. Rxd3 Nxd3 40. Kf1 g5 41. a4 bxa4 42. bxa4 Nc5 43. a5 Na6 44. Ke2 Kg6 
45. g4 Kf6 46. Ke3 Ke5 47. Nd4 g6 48. Nf3+ Ke6 49. Kd4 Kd6 50. Nd2 Ke6 
51. Nc4 Kd7 52. Ne5+ Kc7 53. Nxg6 Nb4 54. Kc4 Nc6 55. Ne5 Kb7 56. Nf7 Ne7 
57. Nxh6 Ka6 58. Nf7 Ng6 59. e5 Kxa5 60. Kd5 Nf4+ 61. Kd6 
1-0

[Event "34th Chess Olympiad (men)"]
[Site "Istanbul"]
[Date "2000.11.02"]
[Round "6.62.4"]
[White "Uwihoreye, Charles"]
[Black "Jackson, Francis"]
[WhiteElo "2000"]
[BlackElo "2000"]
[WhiteCountry "RWA"]
[BlackCountry "ISV"]
[Result "0-1"]

1. e4 e5 2. Nf3 d6 3. Nc3 Nf6 4. d3 h6 5. Be3 Bg4 6. Be2 Be7 7. h3 Bh5 
8. Qd2 Nbd7 9. d4 O-O 10. d5 c6 11. Nh2 Bxe2 12. Qxe2 cxd5 13. exd5 Nb6 
14. O-O-O a6 15. g4 Nh7 16. Rhf1 Bg5 17. Kb1 Rc8 18. Nf3 Bxe3 19. fxe3 Nf6 
20. e4 Rc4 21. Nd2 Rc8 22. h4 Nh7 23. Rh1 g6 24. Rdg1 Nd7 25. Qe3 g5 
26. Nf3 Kg7 27. hxg5 Nxg5 28. Rh5 f6 29. Nh4 Rh8 30. Nf5+ Kg8 31. Rgh1 Qf8 
32. Ne2 Nc5 33. Neg3 Rc7 34. Nh4 Kf7 35. Ngf5 Ncxe4 36. Nf3 Kg6 37. N3h4+ Kf7 
38. Qb6 Rd7 39. Qb4 Nf2 40. Rf1 Nfh3 41. Ne3 Nf4 42. Rxf4 exf4 43. Qxf4 Re7 
44. Nhf5 Re5 45. c4 Kg6 46. Kc2 Re4 47. Qg3 Nf7 48. Nh4+ Kh7 49. Qf3 Ng5 
50. Qf5+ Kg8 51. Kd3 Qf7 52. Ng6 Rh7 53. Nf4 Re5 54. Qc8+ Qe8 55. Qxe8+ Rxe8 
56. Nf5 Nf7 57. Ne6 Ne5+ 58. Kc3 Nxg4 59. Nxd6 Ree7 60. Nf5 Rd7 61. Kb4 Kf7 
62. Rh4 h5 63. Kc5 Kg6 64. Nfd4 Rdf7 65. b4 Ne5 66. a4 Nd3+ 67. Kb6 Nxb4 
68. d6 Rd7 69. Kc5 Nd3+ 70. Kd5 Rhf7 71. c5 Nb4+ 72. Kc4 Nc6 73. Re4 Nxd4 
74. Nxd4 f5 75. Rf4 Rf6 76. Kd5 Kg5 77. Ne6+ Kg6 78. Nd4 Kh7 79. Ke5 Rff7 
80. Nf3 Rf8 81. Rd4 Re8+ 82. Kd5 Kg6 83. a5 Kf6 84. Rh4 Rh7 85. Rf4 Re3 
86. Nd4 Re5+ 87. Kc4 h4 88. Nf3 Re4+ 89. Rxe4 fxe4 90. Nh2 Kf5 91. Kd4 Kf4 
92. Nf1 h3 93. Kd5 Kf5 94. Kd4 h2 95. Nxh2 Rxh2 96. Kd5 Kf4 97. Ke6 e3 
98. Kf6 e2 99. Kf7 e1=Q 
0-1

[Event "34th Chess Olympiad (men)"]
[Site "Istanbul"]
[Date "2000.11.02"]
[Round "6.63.1"]
[White "Krylov, Sergey"]
[Black "Mauwa, Tedmore"]
[WhiteElo "2344"]
[BlackElo "2190"]
[WhiteCountry "IBSA"]
[BlackCountry "ZIM"]
[Result "1-0"]

1. c3 c6 2. d4 d5 3. e5 Bf5 4.  e6 5. g4 Bg6 6. Ne2 c5 7. Be3 Nc6 8. dxc5 Nxe5 
9. Nd4 Nc6 10. Qe2 Nxd4 11. Bxd4 Ne7 12. O-O-O Qd7 13. f4 O-O-O 14. Bg2 f6 
15. Rhe1 Bf7 16. g5 Nc6 17. gxf6 Nxd4 18. Rxd4 gxf6 19. Bh3 f5 20.  Bg7 
21. Rb4 Rhe8 22. Qd3 Bg6 23.  Qc6 24. Bf1 Re7 25.  Qc7 26. c6 bxc6 27.  Kd7 
28. Rb7 Qxb7 29.  e5 
1-0

[Event "34th Chess Olympiad (men)"]
[Site "Istanbul"]
[Date "2000.11.02"]
[Round "6.63.2"]
[White "Kachere, Clever"]
[Black "Berlinsky, Vladimir"]
[WhiteElo "2000"]
[BlackElo "2352"]
[WhiteCountry "ZIM"]
[BlackCountry "IBSA"]
[Result "0-1"]

1. e4 c5 2. Nf3 d6 3. d4 cxd4 4. Nxd4 Nf6 5. Nc3 a6 6. Be2 e6 7. O-O b5 
8. a3 Bb7 9. Qd3 Nbd7 10. Bg5 Be7 11. Qe3 O-O 12. Kh1 Rc8 13. f4 Re8 
14. Bf3 Nb6 15. Qf2 Nfd7 16. Bxe7 Qxe7 17. Nce2 Nc4 18. Ng3 Nxb2 19. Rae1 Nc4 
20. Bg4 Qh4 21. Bh3 g6 22. Kg1 Rc7 23. f5 exf5 24. exf5 Rxe1 25. Rxe1 Nce5 
26. fxg6 hxg6 27. Rd1 Nf8 28. Nb3 Nc4 29. Rd4 Qe7 30. Bg4 Ne3 31. Bf3 Rxc2 
32. Rd2 Rc3 33. Rb2 Nc4 34. Re2 Ne5 35. Nd4 Bxf3 36. gxf3 Qa7 37. Ne4 Qxd4 
38. Nxc3 Qxc3 39. Kg2 Ne6 40. Rc2 Qxa3 41. Rc8+ Kg7 42. f4 Nd3 43. Qh4 Ndxf4+ 
44. Kf2 Qa2+ 
0-1

[Event "34th Chess Olympiad (men)"]
[Site "Istanbul"]
[Date "2000.11.02"]
[Round "6.63.3"]
[White "Wassin, Sergey"]
[Black "Cochrane, John Miles"]
[WhiteElo "2305"]
[BlackElo "2223"]
[WhiteCountry "IBSA"]
[BlackCountry "ZIM"]
[Result "1-0"]

1. Nf3 Nf6 2. c4 e6 3. Nc3 b6 4. e4 Bb7 5. e5 Ne4 6. Nd4 Be7 7.  d5 
8. exd6 cxd6 9. O-O O-O 10.  Nd7 11. Re1 Re8 12.  Nf8 13.  Ng6 14. Bb1 Rc8 
15. b4 Qd7 16. Qb3 b5 17. c5 Bd5 18.  Bc4 19. h4 Nf8 20.  h6 21. Nxe4 d5 
22. Nd6 Bxd6 23.  Rc6 24. g4 Ra6 25. a3 Rc6 26. Qg3 a5 27.  axb4 28. axb4 Ra6 
29. Re3 Rea8 30. g5 hxg5 31. hxg5 Rxa1 32. Kg2 Be2 33. Rxe2 Rxb1 34. Qh4 Ng6 
35. Qh5 Ra6 36. Re3 Rxb4 37. Qxg6 Kf8 38.  Ke7 
1-0

[Event "34th Chess Olympiad (men)"]
[Site "Istanbul"]
[Date "2000.11.02"]
[Round "6.63.4"]
[White "Mangwengwende, John"]
[Black "Enjuto Velasco, Roberto"]
[WhiteElo "2170"]
[BlackElo "2172"]
[WhiteCountry "ZIM"]
[BlackCountry "IBSA"]
[Result "1/2-1/2"]

1. e4 c5 2. Nf3 Nc6 3. d4 cxd4 4. Nxd4 g6 5. c4 Bg7 6. Be3 Nf6 7. Nc3 Ng4 
8. Qxg4 Nxd4 9. Qd1 Ne6 10. Qd2 Qa5 11. Rc1 b6 12. b3 Bb7 13. f3 Rc8 14. Be2 g5 
15. Nb5 Qxd2+ 16. Kxd2 d6 17. Nxa7 Ra8 18. Nb5 Rxa2+ 19. Rc2 Rxc2+ 20. Kxc2 Kd7 
21. Bxb6 Bc6 22. Nc3 Rb8 23. Be3 Bd4 24. Bd2 Be5 25. Be3 Bd4 26. Bd2 Be5 
27. Be3 
1/2-1/2